Bilingualism in education: aspects of theory, research and practice
Tallennettuna:
| Päätekijät: | , |
|---|---|
| Aineistotyyppi: | Kirja |
| Kieli: | englanti |
| Julkaistu: |
Londres
Longman
1986
|
| Aiheet: | |
| Tagit: |
Lisää tagi
Ei tageja, Lisää ensimmäinen tagi!
|
MARC
| LEADER | 00000nam a2200000 a 4500 | ||
|---|---|---|---|
| 001 | UCQ7989 | ||
| 003 | CL-VaPUC | ||
| 008 | 981121e19860000UK |||||||||||||||||eng|d | ||
| 082 | 0 | 4 | |a 371.97 |b CUM |2 21 |
| 100 | |a Cummins, Jim |e author |9 421816 | ||
| 700 | 0 | |a Swain, Merrill |e author |9 421817 | |
| 245 | 1 | 0 | |a Bilingualism in education: aspects of theory, research and practice |
| 300 | |a 235 p | ||
| 942 | |c BK | ||
| 945 | |d 19981121 00:00:00 |a crobeson | ||
| 260 | |a Londres |b Longman |c 1986 | ||
| 650 | 0 | |a Bilingüismo |9 307482 | |
| 650 | 0 | |a Educación lingüística |9 306506 | |
| 650 | 0 | |a Métodos de enseñanza |9 270413 | |
| 650 | 0 | |a Educación bilingüe |9 311405 | |
| 583 | |a last modification |c 20170822 12:11:30 |k Rodrigo Vera | ||
| 999 | |c 277361 |d 277359 | ||
| 952 | |0 0 |1 0 |4 0 |6 371_970000000000000_CUM_1986 |7 0 |8 A |9 315254 |a FDOPOS |b FDOPOS |d 2019-11-20 |i 1495763 |o 371.97 CUM 1986 |p 1495763 |r 2025-01-22 |w 2019-11-20 |y BK |k MLA | ||